| 000 | 00495nam a22001817a 4500 | ||
|---|---|---|---|
| 003 | SISC | ||
| 005 | 20160307104959.0 | ||
| 008 | 130824t xxu||||| |||| 00| 0 eng d | ||
| 050 |
_aPR 2833 _b.Sh527 1966 |
||
| 082 |
_aHS 822.33Q5 _bSh1 1961 |
||
| 100 |
_aShakespeare, William _91777 |
||
| 245 |
_aThe tempest / _cWilliam Shakespeare. |
||
| 260 |
_aNew York : _bWashington Square Press, _cc1961. |
||
| 300 |
_a88 p. ; _c17 cm. |
||
| 650 |
_aTragicomedy _913051 |
||
| 942 |
_2lcc _cBK |
||
| 999 |
_c9278 _d9278 |
||